Ultimate 100 New School/Old School Rappers - Statistics

General Stats
  • This quiz has been taken 184 times
  • The average score is 60 of 100
Answer Stats
Picture Answer % Correct
xxxtentacion
99%
Post Malone
98%
Eminem
96%
Juice Wrld
96%
Kanye West
96%
Drake
95%
Lil Uzi Vert
95%
Snoop Dogg
95%
Travis Scott
94%
Lil Wayne
93%
Tupac
93%
JCole
92%
21 Savage
91%
Lil Peep
91%
Tyler the Creator
91%
Jay Z
90%
Lil Baby
90%
6ix9ine
89%
Lil Nas x
89%
Lil Yachty
89%
Nicki Minaj
89%
Biggie Smalls
88%
Trippie Redd
88%
50 Cent
87%
Chance the Rapper
87%
Da Baby
87%
Ice Cube
87%
Migos
87%
DJ Khaled
86%
NLE Choppa
86%
Cardi B
85%
Lil Pump
85%
Kodak Black
84%
Logic
84%
YNW Melly
83%
Future
82%
Wiz Khalifa
82%
Dr Dre
79%
Machine Gun Kelly
78%
Offset
77%
Ski Mask the Slump God
77%
Lil Mosey
76%
NBA Youngboy
75%
Mac Miller
72%
Megan Thee Stallion
71%
Lil Skies
70%
Childish Gambino
69%
Playboi Carti
69%
Gunna
68%
Lil Durk
68%
Chris Brown
66%
Lil Xan
66%
Denzel Curry
65%
Lil TJay
62%
Tyga
55%
A Boogie Wit Da Hoodie
54%
Iggy Azalea
54%
Rick Ross
53%
G-Eazy
52%
Ludacris
50%
A$AP Rocky
49%
Diddy
48%
Lil Loaded
47%
YBN Cordae
47%
YBN Nahmir
45%
J.I.D
44%
Smokepurpp
44%
Usher
44%
Missy Elliot
43%
NAV
41%
Gucci Mane
40%
Tory Lanez
40%
Big Sean
39%
Fat Joe
39%
Kevin Gates
38%
Lil Kim
38%
2 Chainz
35%
Tee Grizzley
32%
Joyner Lucas
31%
Rae Sremmurd
31%
Pusha T
30%
Sheck Wes
30%
Stormzy
30%
Famous Dex
28%
Nipsey Hussle
28%
Rich The Kid
25%
A$AP Ferg
23%
Skepta
23%
Schoolboy Q
22%
Dave
20%
BlocBoy JB
18%
JME
18%
Yo Gotti
18%
Scarlxrd
13%
Yung Bans
10%
Big Narstie
9%
AJ Tracey
8%
Jacquees
8%
Stefflon Don
5%
Bugsey Malone
4%
No matching quizzes found
Score Distribution
Percent of People with Each Score
Percentile by Number Answered
Your Score History
You have not taken this quiz